00598cam a2200181 i 4500020001500000082003100015100001900046245006500065260003200130300002800162490002500190500002800215505006300243526003700306526003700343650002800380650000800408 a047044497500a624.1772bJOHcL-20, p-2091 aJohnson, R. P.10aComposite structures of steel and concrete /cR. P. Johnson. aNew York :bWiley,c[c1975- av. :bill. ;c25 cm.0 aConstrado monographs a"A Halsted Press book."1 av. 1. Beams, columns, frames and applications in building. a0b0c0d624_177200000000000_JOH a0b0c0d624_177200000000000_JOH 0aComposite construction. 0aMCE